| 000 | 01218cam a22003614a 4500 | ||
|---|---|---|---|
| 008 | |||
| 020 | _a9781455745913 (hardback) | ||
| 040 |
_aNUST _cNUST |
||
| 049 | _aMAIN | ||
| 090 |
_aRB111 _bGOO |
||
| 100 | 1 |
_aGoodman, Catherine Cavallaro., _aauthor. |
|
| 245 | 1 | 0 |
_aPathology : _bimplications for the physical therapist / _cCatherine Cavallaro Goodman & Kenda S. Fuller. |
| 250 | _aFourth edition. | ||
| 260 |
_aSt. Louis, Missouri _bSaunders/Elsevier _c2015. |
||
| 300 |
_axviii, 1782 pages : _bcolour illustrations ; _c29 cm. |
||
| 336 |
_atext _btxt _2rdacontent |
||
| 337 |
_aunmediated _bn _2rdamedia |
||
| 338 |
_avolume _bnc _2rdacarrier |
||
| 500 | _aIncludes index. | ||
| 650 | 0 | _aPathology. | |
| 650 | 0 |
_aMusculoskeletal system _xPathophysiology. |
|
| 650 | 0 |
_aNervous system _xPathophysiology. |
|
| 650 | 0 | _aPhysical therapy. | |
| 650 | 1 | 2 | _aPathology. |
| 650 | 2 | 2 |
_aMusculoskeletal System _xpathology. |
| 650 | 2 | 2 |
_aNervous System _xpathology. |
| 650 | 2 | 2 | _aPhysical Therapy Modalities. |
| 700 | 1 |
_aFuller, Kenda S., _aauthor. |
|
| 907 |
_a.b10363464 _b17-01-23 _c26-10-15 |
||
| 003 | |||
| 005 | 20230120204202.0 | ||
| 942 |
_cBOOKS _kRB111 _mGOO |
||
| 999 |
_c118670 _d118670 |
||